Teaching of Intellectual Property : (Record no. 5231)
[ view plain ]
| 000 -LEADER | |
|---|---|
| fixed length control field | 01080nam a22002057a 4500 |
| 008 - FIXED-LENGTH DATA ELEMENTS--GENERAL INFORMATION | |
| fixed length control field | 130207t xxu||||| |||| 00| 0 eng d |
| 020 ## - INTERNATIONAL STANDARD BOOK NUMBER | |
| International Standard Book Number | 9-7805-2171-6468 |
| 082 ## - DEWEY DECIMAL CLASSIFICATION NUMBER | |
| Edition number | 22 ed. |
| Classification number | 346.41048 |
| Item number | TEA |
| 100 ## - MAIN ENTRY--PERSONAL NAME | |
| Personal name | Edited by Yotakagi, Larry …[et al.] |
| 9 (RLIN) | 6834 |
| 245 ## - TITLE STATEMENT | |
| Title | Teaching of Intellectual Property : |
| Remainder of title | principles and methods |
| Statement of responsibility, etc | Edited by Yotakagi, Larry …[et al.] |
| 260 ## - PUBLICATION, DISTRIBUTION, ETC. (IMPRINT) | |
| Place of publication, distribution, etc | USA : |
| Name of publisher, distributor, etc | Cambridge University Press |
| Date of publication, distribution, etc | 2011 |
| 300 ## - PHYSICAL DESCRIPTION | |
| Extent | xvii, 333 P. ; |
| Dimensions | 23 cm. |
| 500 ## - GENERAL NOTE | |
| General note | Includes Index |
| 650 ## - SUBJECT ADDED ENTRY--TOPICAL TERM | |
| Topical term or geographic name as entry element | Teaching of Intellectual Property |
| 9 (RLIN) | 6835 |
| 650 ## - SUBJECT ADDED ENTRY--TOPICAL TERM | |
| Topical term or geographic name as entry element | Intellectual Property |
| 9 (RLIN) | 688 |
| 942 ## - ADDED ENTRY ELEMENTS (KOHA) | |
| Source of classification or shelving scheme | Dewey Decimal Classification |
| Item type | Books |
| Withdrawn status | Lost status | Source of classification or shelving scheme | Damaged status | Not for loan | Home library | Current library | Shelving location | Date acquired | Total Checkouts | Full call number | Barcode | Date last seen | Copy number | Price effective from | Koha item type | Public note |
|---|---|---|---|---|---|---|---|---|---|---|---|---|---|---|---|---|
| Dewey Decimal Classification | Law Development Centre Main Library | Law Development Centre Main Library | Text Books and Laws | 02/07/2013 | 346.41048 TEA | 4146/2013 | 02/07/2013 | 1 | 02/07/2013 | Books | Reserve | |||||
| Dewey Decimal Classification | Law Development Centre Main Library | Law Development Centre Main Library | Text Books and Laws | 02/07/2013 | 346.41048 TEA | 4147/2013 | 02/07/2013 | 2 | 02/07/2013 | Books | Reserve | |||||
| Dewey Decimal Classification | Law Development Centre Main Library | Law Development Centre Main Library | Text Books and Laws | 02/07/2013 | 346.41048 TEA | 4148/2013 | 02/07/2013 | 3 | 02/07/2013 | Books | Reserve | |||||
| Dewey Decimal Classification | Law Development Centre Main Library | Law Development Centre Main Library | Text Books and Laws | 08/17/2013 | 346.41048 TEA | 6119/2013 | 08/17/2013 | 1a | 08/17/2013 | Books | Reserve |
